000 00611nam a22001457a 4500
020 _a81-264-0190-7
082 _a894.812.3
_bCDE/A
100 _aCOELHO PAULO
245 _aTHE ALCHEMIST
_bTHE INTERNATIONAL BEST SELLER
260 _aKOTTAYAM
_bDC BOOKS
_c2008
300 _a159
520 _aAn Andalusian shepherd boy named Santiago travels from his homeland in Spain to the Egyptian desert in search of a treasure buried in the Pyramids. He is both a simple sheep herder and an ambitious explorer. He follows his dreams, literally, a well as “signs” from his environment.
650 _aNOVEL
942 _cBK
999 _c4856
_d4856